El Estructuralismo y los métodos cuantitativos-estructurales en la ciencia histórica /

Đã lưu trong:
Chi tiết về thư mục
Tác giả chính: Kovalchenko, Iván
Tác giả khác: Sivachov, Nicolai
Định dạng: Texto
Các nhãn: Thêm thẻ
Không có thẻ, Là người đầu tiên thẻ bản ghi này!

MARC

LEADER 00000 a a2200000 04500
001 3143
003
040
100 |a Kovalchenko, Iván  
245 |a El Estructuralismo y los métodos cuantitativos-estructurales en la ciencia histórica /  |c Iván Kovalchenko 
700 |a Sivachov, Nicolai  
773 |g número 1; páginas 85-108  
999 |c 25675  |d 25675